Представление документа в формате RUSMARC

Поле Инд. ПП Название Значение
Тип записи a
Библиографический уровень a
001 Контрольный номер db880c3c816346fbaf1d557a126169df
005 Дата корректировки 20221214201601.0
100 a Данные общей обработки 20190520 ||| 0rusy0189 ca
101 0_ a Язык текста rus
102 a Страна публикации RU
200 1_ f Первые сведения об ответственности Е.В. Аббасова, В.А. Васильев
a Заглавие Трудовое право в цифровой реальности: проблемы интеграции
b Общее обозначение материала Текст
203 a Вид содержания Текст : непосредственный
210 1_ d Дата издания 2019
461 _0 1 2000
a Российская юстиция
463 _0 1 2000
a № 4
v С. 16-18
1 2101
d 2019
1 001ff02bc91735a4dec8338d566d2b32bee
606 a Основная рубрика Трудовое право
610 0_ a Ключевые слова ТРУДОВЫЕ ПРАВООТНОШЕНИЯ
a Ключевые слова ЭЛЕКТРОННЫЙ ДОКУМЕНТ
a Ключевые слова ИНФОРМАЦИОННО-КОММУНИКАЦИОННЫЕ ТЕХНОЛОГИИ
a Ключевые слова ПРАВОВОЕ РЕГУЛИРОВАНИЕ
700 _1 a Фамилия Аббасова
b Имя Е.В.
701 _1 a Фамилия Васильев
b Имя В.А.
801 _0 a Страна RU
b Организация РГУП
c Дата составления 20190520
g Правила каталогизации PSBO
801 _1 a Страна RU
b Организация РГУП
c Дата составления 20190520
g Правила каталогизации PSBO
901 t Тип документа b
w Контрольный № источника ff02bc91735a4dec8338d566d2b32bee
905 a Дата ввода 20190520